000 01228nam a2200277Ia 4500
005 20250329173538.0
008 200806s2007 xx 000 0 und d
020 _a9789588331461
040 _aCO-CtgCURN
_bspa
_ccoctgcurn
082 _a346015
_bP963
100 _aSanabria D´Luque, Teresita
_eautora
245 0 _aProcesos :
_ben el derecho de familia
_h[electronic resource] /
_cTeresita Sanabria D´Luque
260 _aColombia :
_bConsejo Superior de la Juridicatura ,
_c2007
300 _arecurso en línea (330 páginas) :
336 _atexto
_btxt
337 _acomputador
_bc
338 _arecurso en línea
_bcr
504 _aIncluye referencias bibliográficas
505 _aMarco conceptual, constitucional y legal -- Aspectos procedimentales -- Medidas cautelares en algunos procesos de familia y sistema judicial de cooperación judicial internacional
590 _aPrograma de Derecho_18
650 _aDerecho civil
650 _aDerecho de familia
856 _uhttps://unicurn.sharepoint.com/:b:/s/biblioteca/EaeOrFGCz3xIkePTV04vKy4Bjx4KELvo7pd6es5JrYTM7A?e=BN2MXV
_zVea este libro electrónico
942 _cCF
_h346015
_iP963
999 _c7822
_d7822